Central Library OPAC University of Rajshahi

Effects of sex, Residential Environment and Educational Institution on the Development of Self-Concept in Higher Secondary Level Students of Bangladesh / (Record no. 81846)

MARC details
000 -LEADER
fixed length control field 00960nam a2200241 a 4500
001 - CONTROL NUMBER
RUCL Control Number 81846
003 - CONTROL NUMBER IDENTIFIER
rucl marc code BD-RjUL
005 - DATE AND TIME OF LATEST TRANSACTION
control field 20230904150043.0
008 - FIXED-LENGTH DATA ELEMENTS--GENERAL INFORMATION
fixed length control field 230904s2022 bg a|||| m||| 00| 0 eng d
035 ## - SYSTEM CONTROL NUMBER
system control number (BD-RjUL)81846
040 ## - CATALOGING SOURCE
Original cataloging agency BD-RjUL
Language of cataloging eng
Transcribing agency BD-RjUL
Modifying agency BD-RjUL
041 ## - LANGUAGE CODE
Language code of Book eng
082 ## - DEWEY DECIMAL CLASSIFICATION NUMBER
DDC Edition number 23
Author mark and Year RAE 2022
Classification number 613.9071
100 ## - MAIN ENTRY--PERSONAL NAME
Personal name Rahman, Md. Munsur
9 (RLIN) 7329
245 10 - TITLE STATEMENT
Title Effects of sex, Residential Environment and Educational Institution on the Development of Self-Concept in Higher Secondary Level Students of Bangladesh /
Statement of responsibility, etc Md. Munsur Rahman ;
Name of Supervisor/Co-Supervisor Supervisor : Md. Enamul Haque
260 ## - PUBLICATION, DISTRIBUTION, ETC. (IMPRINT)
Place of publication, distribution, etc Rajshahi :
Name of publisher, distributor, etc Department of Psychology, University of Rajshahi,
Date of publication, distribution, etc 2022
300 ## - PHYSICAL DESCRIPTION
Pagination xxi, 286 Leaves :
Other physical details ill, ;
Dimensions 29 cm.
502 ## - DISSERTATION NOTE
Dissertation note Thesis (Ph. D.) -- Department of Psychology, University of Rajshahi, 2022
504 ## - BIBLIOGRAPHY, ETC. NOTE
Bibliography, etc References : Leaves [244]-280
650 ## - SUBJECT ADDED ENTRY--TOPICAL TERM
Topical term or geographic name as entry element Sex
Form subdivision Education
9 (RLIN) 8773
700 ## - ADDED ENTRY--SUPERVISOR/CO-SUPERVISOR NAME
Personal name Haque, Md. Enamul, Supervisor
9 (RLIN) 8772
942 ## - ADDED ENTRY ELEMENTS (KOHA)
Source of classification or shelving scheme Dewey Decimal Classification
Koha item type Theses
Holdings
Source of classification or shelving scheme Damaged status Not for loan Collection code Permanent Location Current Location Shelving location Date of accession Source of acquisition Full call number Barcode Date last seen Copy number Thesis
Dewey Decimal Classification   Not For Loan Theses Central Library, University of Rajshahi Central Library, University of Rajshahi Documentation Section 13/08/2023 Controller of Exam. R. U. THE 613.9071 RAE 2022 D4876 04/09/2023 C-1 Theses